000 00877nam a2200241Ia 4500
003 OSt
005 20220923221617.0
006 a|||||r|||| 00| 0
007 ta
008 220922b |||||||| |||| 00| 0 hin d
024 _a198,604
037 _cTextual
040 _aARTS
_cARTS
_bhin
041 _2hin
_ahin
082 _aP152:4:gv, 152M1
100 _aकालभोर, ना0 रा0
_9156847
245 0 _aहिन्दी कोश साहितय
_b समीक्षात्मक अघ्ययन बैतूल
246 _aHindī kosh sāhitaya: samīkṣhātmak aghyayan baitūla
260 _aमध्यप्रदेश
_b सुन्दर साहित्य सदन
_c1981
300 _a339पृ.
_ccm.
942 _hP152:4:gv, 152M1
_cTEXL
_2CC
999 _c350413
_d350413